Introduction to Business: (Record no. 7553)

MARC details
000 -LEADER
fixed length control field 00488nam a22001817a 4500
003 - CONTROL NUMBER IDENTIFIER
control field OSt
005 - DATE AND TIME OF LATEST TRANSACTION
control field 20211130104444.0
008 - FIXED-LENGTH DATA ELEMENTS--GENERAL INFORMATION
fixed length control field 211130b ||||| |||| 00| 0 eng d
040 ## - CATALOGING SOURCE
Transcribing agency DDC
082 ## - DEWEY DECIMAL CLASSIFICATION NUMBER
Classification number 338.7 INT 1996
100 ## - MAIN ENTRY--PERSONAL NAME
Personal name Kibera, Francis N
9 (RLIN) 15459
245 ## - TITLE STATEMENT
Title Introduction to Business:
Remainder of title A Kenyan Perspective.
260 ## - PUBLICATION, DISTRIBUTION, ETC. (IMPRINT)
Place of publication, distribution, etc. Nairobi:
Name of publisher, distributor, etc. Kenya Literature Bureau;
Date of publication, distribution, etc. 1996,
300 ## - PHYSICAL DESCRIPTION
Extent 435p;
Dimensions 25cm.
504 ## - BIBLIOGRAPHY, ETC. NOTE
Bibliography, etc Includes Glossary.
650 ## - SUBJECT ADDED ENTRY--TOPICAL TERM
Topical term or geographic name as entry element Business.
9 (RLIN) 5310
942 ## - ADDED ENTRY ELEMENTS (KOHA)
Source of classification or shelving scheme Dewey Decimal Classification
Koha item type Book
Holdings
Withdrawn status Lost status Source of classification or shelving scheme Damaged status Not for loan Home library Current library Date acquired Source of acquisition Inventory number Total Checkouts Full call number Barcode Date last seen Price effective from Koha item type
    Dewey Decimal Classification     Faculty of Management Science Library Faculty of Management Science Library 30/11/2021 Purchase 08/3605   338.7 INT 1996 2021-1968 30/11/2021 30/11/2021 Book
    Dewey Decimal Classification     Faculty of Management Science Library Faculty of Management Science Library 30/11/2021 Purchase 08/3578   338.7 INT 1996 2021-1969 30/11/2021 30/11/2021 Book
    Dewey Decimal Classification     Faculty of Management Science Library Faculty of Management Science Library 30/11/2021 Purchase 08/3573   338.7 INT 1996 2021-1970 30/11/2021 30/11/2021 Book